000 00276pam a2200121 a 4500
020 _c
041 _h
082 _a708
_bRAY
245 _aShyamal Dutta Ray
_b Shyamal Dutta Ray
_hTextual Documents
250 _a2001.
260 _a[s.l]:
_bVadhera Art Gallery
930 _a1232
999 _c235022
_d235022